| 000 | 006320000a22001810004500 | ||
|---|---|---|---|
| 003 | MACL | ||
| 005 | 20160121161432.0 | ||
| 008 | 160121b xxu||||| |||| 00| 0 eng d | ||
| 040 |
_aMACL _cMACL |
||
| 041 | _aHindi | ||
| 082 | _a355.6 | ||
| 100 |
_aसिंह मेजर मेहर _933911 |
||
| 245 | _aभारतीश्य नौसेना डॉकयार्ड एप्रेन्टिस | ||
| 260 |
_bब्राईट कैरियर्स इंस्टीटयूट _c2003 _aनई दिल्ली |
||
| 350 | _a80 | ||
| 650 |
_aMilitary Science _933945 |
||
| 942 |
_cHIN _k355.6/SIN _2ddc |
||
| 999 |
_c30681 _d30681 |
||